| 000 | 00656nam a22001937a 4500 | ||
|---|---|---|---|
| 003 | OSt | ||
| 005 | 20251024012429.0 | ||
| 008 | 251008b |||||||| |||| 00| 0 eng d | ||
| 020 | _a0-8264-6824-1. | ||
| 040 |
_aDWCL-Main lib _cOC |
||
| 082 | _aCirc. 658.3 H918 2002 | ||
| 245 |
_aHuman resource management: _binternational perspectives in hospitality and tourism |
||
| 260 |
_aLondon : _bThomson, _cc2002. |
||
| 300 |
_axii, 247 pages ; _c24 cm. |
||
| 504 | _aIncludes bibliographical references and index. | ||
| 650 | _21. Hospitality industry-Personnel management. | ||
| 650 | _22. Tourist trade-Personnel management. | ||
| 942 |
_2ddc _cBK-CIRC _kCirc. _n0 |
||
| 999 |
_c4706 _d4706 |
||